000 00712cam a2200205u 4500
001 000007310
005 20200929154128.0
008 860227s1947 sp 000 0bspa
040 _aDO-SdBNP
_cspa
_dBNPHU
082 _axxx
_bP425c
245 1 3 _aLa pequeña crónica de Ana Magdalena Bach /
_ctraducción Carlos Guerendiáin.
250 _a2a ed.
260 _aBarcelona :
_bJuventud ,
_c1947.
300 _a169 p., : ;
_c18 cm.
600 1 0 _aBach, Johann Sebastian,
_d1685-1750
_vFiction.
_920315
600 1 0 _aBach, Anna Magdalena (Wilken)
_d1700-1760
_xFiction. [from old catalog]
_920316
650 0 _aMusical fiction. [from old catalog]
_920317
700 1 _aGuerendiain, Carlos,
_etr.
_920318
049 _aBNGR
999 _c7091
_d7091